Holandsko v Európskej únii

Holandsko v rámci procesu európskej integrácie. Stručná politicko-ekonomická charakteristika Holandska.

Guardado en:
Detalles Bibliográficos
Autor principal: Kovács, Samuel
Formato: Capítulo de libro
Lenguaje:eslovaco
Materias:
Etiquetas: Agregar Etiqueta
Sin Etiquetas, Sea el primero en etiquetar este registro!

MARC

LEADER 00000naa$a2200000$$$4500
001 0084805
005 20220729110318.9
041 0 |a slo 
044 |a SK 
245 1 0 |a Holandsko v Európskej únii  |c Samuel Kovács 
520 |a Holandsko v rámci procesu európskej integrácie. Stručná politicko-ekonomická charakteristika Holandska. 
610 2 0 |a integrácia ekonomická medzinárodná 
610 2 0 |a Holandsko 
610 2 0 |a Európska únia 
610 2 0 |a vzťahy medzinárodné 
610 2 0 |a vzťahy obchodné 
610 2 0 |a spolupráca hospodárska medzinárodná 
100 1 |a Kovács, Samuel